[Event "CAN-ch U12"]
[Site "Windsor"]
[Date "2015.07.08"]
[Round "4.66"]
[White "Miranda Radbord, Cameron"]
[Black "Du, Robert"]
[Result "0-1"]
[WhiteElo "799"]
[BlackElo "1155"]
[PlyCount "108"]
[EventDate "2015.07.06"]
[EventType "swiss"]
[EventRounds "7"]
[EventCountry "CAN"]
[SourceTitle "EXT 2022"]
[Source "ChessBase"]
[SourceDate "2021.10.06"]
[SourceVersion "1"]
[SourceVersionDate "2021.10.06"]
[SourceQuality "1"]

1. g3 d5 2. d4 e6 3. Bg2 Nf6 4. Nf3 c6 5. Nc3 Nbd7 6. Bf4 Be7 7. 0-0 0-0 8. Re1 b6 9. Ne5 Bb7 10. e4 Rc8 11. Qd3 Bb4 12. a3 Be7 13. Rad1 Re8 14. h4 g6 15. Bh6 Nxe5 16. dxe5 Nh5 17. b4 Ng7 18. Bxg7 Kxg7 19. Bh3 Qc7 20. b5 Bxa3 21. Nxd5 cxd5 22. exd5 Bc5 23. d6 Qd7 24. Ra1 Ra8 25. Bg2 Bxg2 26. Kxg2 Qb7+ 27. Kh3 Red8 28. Red1 Qd7 29. f4 f6 30. Ra4 Qf7 31. d7 fxe5 32. fxe5 Qf5+ 33. Qxf5 gxf5 34. g4 Kf7 35. gxf5 exf5 36. Re1 Ke6 37. Rf4 Rxd7 38. h5 h6 39. Ref1 Rf8 40. c4 Rd4 41. R4f3 Rxc4 42. Ra1 Ra8 43. Rg3 Kxe5 44. Rg6 Rc3+ 45. Kh2 Rc2+ 46. Kh1 Be3 47. Re1 Rc1 48. Rgg1 Rxe1 49. Rxe1 Ke4 50. Kg2 f4 51. Rf1 Rd8 52. Rf3 Rd2+ 53. Kh3 Kxf3 54. Kh4 Rh2# 0-1

[Event "CAN-ch U12"]
[Site "Windsor"]
[Date "2015.07.07"]
[Round "3.63"]
[White "Mirabelli, Aidan"]
[Black "Miranda Radbord, Cameron"]
[Result "1-0"]
[WhiteElo "1427"]
[BlackElo "799"]
[PlyCount "89"]
[EventDate "2015.07.06"]
[EventType "swiss"]
[EventRounds "7"]
[EventCountry "CAN"]
[SourceTitle "EXT 2022"]
[Source "ChessBase"]
[SourceDate "2021.10.06"]
[SourceVersion "1"]
[SourceVersionDate "2021.10.06"]
[SourceQuality "1"]

1. e4 e5 2. Nf3 f5 3. Nc3 fxe4 4. Nxe4 Nc6 5. Bb5 d5 6. Bxc6+ bxc6 7. Nc3 Bd6 8. 0-0 Be6 9. d4 e4 10. Ne5 c5 11. dxc5 Bxe5 12. Qh5+ Bf7 13. Qxe5+ Ne7 14. Nb5 0-0 15. Nxc7 Rc8 16. Ne6 Bxe6 17. Qxe6+ Kh8 18. Bg5 Re8 19. Qd6 Qxd6 20. cxd6 Rxc2 21. Bxe7 Rg8 22. d7 d4 23. d8Q Rxd8 24. Bxd8 h5 25. Bg5 Rxb2 26. Rfe1 d3 27. Rxe4 d2 28. Rd4 a5 29. Rxd2 Rb8 30. Rd8+ Rxd8 31. Bxd8 Kh7 32. Bxa5 Kh6 33. Bd8 g5 34. Bxg5+ Kxg5 35. a4 h4 36. a5 Kg4 37. Ra4+ Kh5 38. Rxh4+ Kxh4 39. a6 Kg4 40. a7 Kf4 41. a8Q Kg4 42. Qf8 Kh4 43. Qg7 Kh5 44. f4 Kh4 45. Qg5# 1-0

[Event "CAN-ch U10"]
[Site "Ottawa"]
[Date "2013.07.11"]
[Round "3"]
[White "Miranda Radbord, Cameron"]
[Black "Wang, Alex1111"]
[Result "0-1"]
[WhiteElo "413"]
[BlackElo "1339"]
[PlyCount "61"]
[EventDate "2013.07.10"]
[EventType "swiss"]
[EventRounds "6"]
[EventCountry "CAN"]
[SourceTitle "EXT 2022"]
[Source "ChessBase"]
[SourceDate "2021.10.06"]
[SourceVersion "1"]
[SourceVersionDate "2021.10.06"]
[SourceQuality "1"]

1. e4 c5 2. Bc4 Nc6 3. Nc3 Nf6 4. Nf3 e6 5. d3 Na5 6. Bf4 d6 7. 0-0 Be7 8. e5 dxe5 9. Bxe5 0-0 10. Nb5 Bd7 11. Bc7 Qc8 12. Bxa5 b6 13. Bd2 a6 14. Nc3 b5 15. Bb3 a5 16. a4 b4 17. Nb5 Bxb5 18. axb5 Rd8 19. Re1 Qb7 20. Bc4 a4 21. Qe2 Nd5 22. Bxd5 Rxd5 23. Qe3 Qxb5 24. c4 bxc3 25. bxc3 Qxd3 26. Qe4 Qxe4 27. Rxe4 Rd7 28. g3 Bf6 29. Rae1 a3 30. Bg5 Bxc3 31. R1e2 0-1

[Event "CAN-ch U10"]
[Site "Ottawa"]
[Date "2013.07.10"]
[Round "2"]
[White "Currie, Ethan"]
[Black "Miranda Radbord, Cameron"]
[Result "0-1"]
[WhiteElo "1085"]
[BlackElo "413"]
[PlyCount "72"]
[EventDate "2013.07.10"]
[EventType "swiss"]
[EventRounds "6"]
[EventCountry "CAN"]
[SourceTitle "EXT 2022"]
[Source "ChessBase"]
[SourceDate "2021.10.06"]
[SourceVersion "1"]
[SourceVersionDate "2021.10.06"]
[SourceQuality "1"]

1. e4 e5 2. Nf3 Nc6 3. Nc3 Nf6 4. d4 exd4 5. Nxd4 Nxd4 6. Qxd4 d6 7. e5 dxe5 8. Qxe5+ Be7 9. Bb5+ c6 10. Be2 0-0 11. Ne4 Bd7 12. Ng5 Ng4 13. Qg3 Bxg5 14. Qxg4 Bxg4 15. Bxg4 Bxc1 16. Rxc1 Qg5 17. 0-0 Qxg4 18. h3 Qa4 19. a3 Rad8 20. Rfd1 Rxd1+ 21. Rxd1 Qxc2 22. Rf1 Qxb2 23. a4 h6 24. a5 b5 25. axb6 Qxb6 26. Re1 a5 27. Re7 c5 28. Kh2 a4 29. Re1 a3 30. Ra1 Qb2 31. Rf1 a2 32. g3 a1Q 33. Rxa1 Qxa1 34. Kg2 c4 35. f3 c3 36. h4 Ra8 0-1